000 01490cam a22003737a 4500
003 CHAP
005 20250613131530.0
008 971013s1996 r 00010 d
010 _a61148
011 _a62120
035 _a66294
040 _cCHAP
090 _aTesis
100 0 0 _aGarcía Beltrán, José Natividad.
_945767
245 0 _aAplicación de etefón y ácido naftalenacético en laboratorio y campo y su efecto sobre la inducción floral y calidad del fruto de piña (Ananas comosus (L.) Merr.) cv. Cayena Lisa en la región del bajo Papaloapan
260 _aChapingo, Méx. :
_bEl autor,
_c1996
300 _a73 h.
_b: ilus. ; gráfs.
502 _aTesis (Ing. Agroindustrial) -- UACH. Departamento de Ingeniería Agroindustrial
590 _aALEPH
_b10
_c20130110
_lUCH01
_h1340
590 _aBATCH-UPD
_b10
_c20130110
_lUCH01
_h0545
590 _aBATCH-UPD
_b10
_c20130110
_lUCH01
_h2234
590 _aBATCH-UPD
_b10
_c20130410
_lUCH01
_h0227
590 _aBATCH-UPD
_b10
_c20130913
_lUCH01
_h1907
590 _aCONVERSION
_b10
_c20130109
_lUCH01
_h1333
650 1 4 _aAcido cloroetilfosfonico 2.
_9578
650 1 4 _aAcido naftalenacético.
_9593
650 1 7 _aPiña (Ananas comosus)
_xFloración
_2
_988400
650 1 7 _aPiña (Ananas comosus)
_xRendimiento
_2
_988423
650 1 4 _aPlantas
_xCrecimiento
_xAditivos.
_988804
901 _aBK
942 _cFOLL
949 _bBC
_cTES
_d-151468
_eTS1
_h29369
_i66294
_si
949 _bBC
_cTES
_d33724000621488
_eTS2
_fc.2
_h29370
_i66294
_si
999 _c61148
_d61148